| 000 | 00357nam a2200121 a 4500 | ||
|---|---|---|---|
| 005 | 20141022142006.0 | ||
| 008 | 080929s19uu xx 00 eng d | ||
| 050 |
_aCD _bL62 2000 |
||
| 245 | _aGet anyone to do anything and never feel powerless again. | ||
| 650 | _aACD. | ||
| 650 | _aGet anyone to do anything and never feel powerless again. | ||
| 942 | _cAVM | ||
| 999 |
_c276517 _d276517 |
||